000 00562nam a2200217Ia 4500
003 OSt
005 20220926044715.0
006 a|||||r|||| 00| 0
007 ta
008 220923b |||||||| |||| 00| 0 eng d
037 _cGeneral Book
040 _aRTL
_cRTL
_beng
041 _2eng
_aeng
082 _aX:31-8F, K4
100 _aHirsch Werner Z Ed.
_9348309
245 0 _aElements of regional accounts
260 _c1964
300 _axviii,221p
_ccm.
942 _hX:31-8F, K4
_cGB
_2CC
999 _c675584
_d675584